Cancionero infantil, antología : (Registro nro. 12240)

Detalles MARC
000 -LIDER
fixed length control field 00925nam a22002897a 4500
001 - NÚMERO DE CONTROL
Identificador de número de control 020045418
003 - IDENTIFICACDOR DE NÚMERO DE CONTROL
control field DO-SdBNP
005 - DATE AND TIME OF LATEST TRANSACTION
control field 20180219145143.0
007 - CAMPOS FIJOS DE DESCRIPCIÓN FÍSICA
fixed length control field 020045418
008 - ELEMENTOS DE LONGITUD FIJA
fixed length control field 161202b 1964 sp a ||||| |||| 00| 0 spa d
040 ## - FUENTE DE CATALOGACIÓN
Agencia que crea de manera original el registro BPMSU
Idioma de catalogación spa
Agencia que realiza la transcripción BPMSU
082 ## - NÚMERO DE CLASIFICACIÓN DECIMAL DE DEWEY
Classification number xxxx
Item number xxxx
100 1# - ASIENTO PRINCIPAL -- NOMBRE PERSONAL
Nombre personal Moleón Viana, Miguel Ángel
245 10 - MENCIÓN DE TITULO
Título Cancionero infantil, antología :
Subtítulo antología /
Mención de responsabilidad realizó la recopilación, selección y notaxiones musicales Bonifacio Gil.
260 ## - PUBLICACIÓN, DISTRIBUCIÓN, ETC. (PIE DE IMPRENTA)
Lugar de publicación, distribución, etc Madrid :
Nombre del editor, distribuidor, etc. Taurus,
Fecha de publicación, distribución, etc 1964.
300 ## - DESCRIPCIÓN FÍSICA
Extensión 163 p. ;
Otros detalles físicos il. ;
Dimensiones 18 cm.
490 #1 - MENCIÓN DE SERIES
Mención de serie Temas de España
Volume/sequential designation 25
490 #1 - MENCIÓN DE SERIES
Mención de serie Ser y tiempo,
650 ## - ENCABEZAMIENTO DE MATERIA--TEMÁTICO
Término temático o nombre geográfico como elemento de entrada Canciones infantiles -- España
650 ## - ENCABEZAMIENTO DE MATERIA--TEMÁTICO
Término temático o nombre geográfico como elemento de entrada Cantos infantiles.
700 12 - ASIENTO SECUNDARIO -- NOMBRE PERSONAL
Nombre personal Gil, Bonifacio,
Fechas asociadas con el nombre 1898-1964.
Mención de responsabilidad il.
830 #0 - ASIENTO SECUNDARIO DE SERIE--TÍTULO UNIFORME
Título uniforme Temas de España ;
Volume number/sequential designation 25
830 #0 - ASIENTO SECUNDARIO DE SERIE--TÍTULO UNIFORME
Título uniforme Ser y tiempo
942 ## - ADDED ENTRY ELEMENTS (KOHA)
Source of classification or shelving scheme Dewey Decimal Classification
Koha item type Libros
945 ## - INFORMACIÓN DE PROCESAMIENTO LOCAL
Información de procesamiento local Inventariado, 2018 / BT
956 ## - LOCAL ELECTRONIC LOCATION AND ACCESS (OCLC)
Método de acceso LOPEREZ
Materiales especificados 10
Enlace 20161202
Campo enlazado y núm. de secuencia BPMSU
Nombre de host 00041
Existencias
Withdrawn status Lost status Source of classification or shelving scheme Damaged status Not for loan Collection code Home library Current library Date acquired Source of acquisition Total Checkouts Full call number Barcode Date last seen Price effective from Koha item type
    Dewey Decimal Classification     Colección Infantil General Biblioteca Pública Metropolitana Salomé Ureña Biblioteca Pública Metropolitana Salomé Ureña 12/02/2016 Instituto Americano del Lbro   xxxx xxxx BPMSU16120083 12/02/2016 12/02/2016 Libros